It looks like you're offline.
Open Library logo
additional options menu

MARC record from Internet Archive

LEADER: 01158cam a2200289 a 4500
001 3923875
005 20030710191434.0
008 920729s1993 nyua j 000 1 eng
035 $9(DLC) 92029560
906 $a7$bcbc$corignew$d1$eocip$f19$gy-gencatlg
955 $apc05 to la00 07-29-92; lb03 08-06-92; lb08 08-06-92; lb02 08-07-92; aa13 08-07-92; CIP Ver. ye07 12-12-96
010 $a 92029560
020 $a0689716966 :$c$4.95 ($6.50 Can.)
040 $aDLC$cDLC$dDLC
042 $alcac
050 00 $aPZ8.G537$bGi 1993
082 00 $a[E]$220
100 1 $aGoble, Paul.
245 14 $aThe girl who loved wild horses /$cstory and illustrations by Paul Goble.
260 $aNew York :$bAladdin Books,$c1993.
300 $a[30] p. :$bcol. ill. ;$c26 cm.
520 $aThough she is fond of her people, a girl prefers to live among the wild horses where she is truly happy and free.
650 1 $aFairy tales.
650 1 $aIndians of North America$xFiction.
650 1 $aHorses$xFiction.
856 42 $3Publisher description$uhttp://www.loc.gov/catdir/description/simon032/92029560.html
991 $bc-GenColl$hPZ8.G537$iGi 1993$p00034617181$tCopy 1$wBOOKS